[Event "Wch U18 blitz"]
[Site "Batumi"]
[Date "2023.06.11"]
[Round "8"]
[White "Tangatov, Nurdaulet"]
[Black "Elmi, Saad Abobaker"]
[Result "1-0"]
[WhiteElo "1805"]
[BlackElo "2244"]
[PlyCount "56"]
[EventDate "2023.06.10"]
[EventType "swiss (blitz)"]
[EventRounds "11"]
[EventCountry "GEO"]
[SourceTitle "EXT 2024"]
[Source "ChessBase"]
[SourceDate "2023.10.10"]
[SourceVersion "1"]
[SourceVersionDate "2023.10.10"]
[SourceQuality "1"]
[WhiteTeam "Kazakhstan"]
[BlackTeam "Norway"]
[WhiteTeamCountry "KAZ"]
[BlackTeamCountry "NOR"]

1. Nf3 d5 2. b3 c5 3. Bb2 a6 4. e3 Nc6 5. d4 Nf6 6. Ne5 cxd4 7. exd4 Bf5 8. Bd3 Bxd3 9. Qxd3 Rc8 10. a3 e6 11. 0-0 Be7 12. Nd2 0-0 13. Rac1 Nxe5 14. dxe5 Nd7 15. Rfd1 Bg5 16. Bd4 Nc5 17. Bxc5 Rxc5 18. Qd4 Qc7 19. c4 Rc8 20. f4 Be7 21. b4 Rc6 22. c5 b6 23. cxb6 Rxc1 24. bxc7 Rxd1+ 25. Kf2 h6 26. Qc3 f6 27. Nf3 Kf7 28. Qc6 Rf8 1-0

[Event "Wch U18 blitz"]
[Site "Batumi"]
[Date "2023.06.10"]
[Round "4"]
[White "Chyzy, Jakub"]
[Black "Tangatov, Nurdaulet"]
[Result "1/2-1/2"]
[WhiteElo "2175"]
[BlackElo "1805"]
[PlyCount "195"]
[EventDate "2023.06.10"]
[EventType "swiss (blitz)"]
[EventRounds "11"]
[EventCountry "GEO"]
[SourceTitle "EXT 2024"]
[Source "ChessBase"]
[SourceDate "2023.10.10"]
[SourceVersion "1"]
[SourceVersionDate "2023.10.10"]
[SourceQuality "1"]
[WhiteTeam "Poland"]
[BlackTeam "Kazakhstan"]
[WhiteTeamCountry "POL"]
[BlackTeamCountry "KAZ"]

1. b3 Nf6 2. Bb2 g6 3. e3 Bg7 4. f4 0-0 5. Nf3 d6 6. Be2 b6 7. 0-0 Bb7 8. Qe1 Nbd7 9. d3 Re8 10. Nbd2 e5 11. fxe5 Ng4 12. Bd1 Ngxe5 13. Nxe5 Nxe5 14. d4 Qg5 15. Qg3 Qxg3 16. hxg3 Nd7 17. Kf2 Bh6 18. Re1 Nf6 19. Bf3 Rab8 20. c4 Ne4+ 21. Nxe4 Bxe4 22. Rac1 Bg7 23. Ba3 Re6 24. c5 bxc5 25. dxc5 d5 26. Bxe4 Rxe4 27. c6 Rbe8 28. Bc5 R4e6 29. Bxa7 Ra8 30. Bd4 Rxa2+ 31. Kg1 Ra6 32. Bxg7 Kxg7 33. Rcd1 Raxc6 34. Rxd5 Rc3 35. b4 Rcxe3 36. Rxe3 Rxe3 37. Rc5 Rb3 38. Rxc7 Rxb4 39. Kh2 Kf6 40. Rc6+ Kg5 41. Rc5+ f5 42. Rc7 h6 43. Rc5 Rb3 44. Ra5 Rd3 45. Rb5 Rd6 46. Rb4 Kf6 47. Kg1 h5 48. Kf2 Rd1 49. Rb6+ Kg5 50. Rb4 Ra1 51. Rc4 Ra2+ 52. Kf3 Ra3+ 53. Kf2 Ra6 54. Rb4 Re6 55. Kf3 Kh6 56. Ra4 Re1 57. Rb4 Kg5 58. Ra4 Re4 59. Ra6 Rb4 60. Rc6 Ra4 61. Rb6 h4 62. gxh4+ Rxh4 63. g3 Ra4 64. Kf2 Ra3 65. Rb4 Kh5 66. Rh4+ Kg5 67. Rb4 Rd3 68. Ra4 Rd6 69. Rb4 Re6 70. Kf3 Re1 71. Ra4 Rb1 72. Rc4 Rb3+ 73. Kg2 Ra3 74. Rb4 Kf6 75. Rb6+ Kg7 76. Kf2 Kh6 77. Kg2 Kh5 78. Rb4 g5 79. Rb5 Kg4 80. Rb4+ f4 81. gxf4 Ra2+ 82. Kf1 gxf4 83. Rb3 Rc2 84. Ra3 Rb2 85. Rc3 Kf5 86. Ra3 Ke4 87. Ra4+ Kf3 88. Ra3+ Kg4 89. Rc3 Rb1+ 90. Kf2 Rb2+ 91. Kf1 Rb5 92. Kf2 Rh5 93. Ra3 Rh2+ 94. Kf1 Rb2 95. Rc3 f3 96. Rc8 Rb1+ 97. Kf2 Rb2+ 98. Kf1 1/2-1/2

[Event "Wch U18 rapid"]
[Site "Batumi"]
[Date "2023.06.08"]
[Round "10"]
[White "Tangatov, Nurdaulet"]
[Black "Tangatov, Nurdaulet"]
[Result "0-1"]
[WhiteElo "1823"]
[BlackElo "1823"]
[PlyCount "84"]
[EventDate "2023.06.06"]
[EventType "swiss (rapid)"]
[EventRounds "11"]
[EventCountry "GEO"]
[SourceTitle "CBM 214 Extra"]
[Source "ChessBase"]
[SourceDate "2023.07.31"]
[SourceVersion "1"]
[SourceVersionDate "2023.07.31"]
[SourceQuality "1"]

1. Nf3 Nf6 2. b3 g6 3. Bb2 Bg7 4. c4 0-0 5. g3 d6 6. d4 Nbd7 7. Bg2 e5 8. dxe5 Ng4 9. 0-0 Ngxe5 10. Nc3 Nxf3+ 11. Bxf3 Ne5 12. Bg2 c6 13. Qd2 Qe7 14. Rad1 Rd8 15. h3 Be6 16. Kh2 a5 17. f4 Nd7 18. Ne4 Nc5 19. Bxg7 Nxe4 20. Qb2 f6 21. Bxe4 Kxg7 22. f5 Bg8 23. Bd3 Qe5 24. Qxe5 dxe5 25. Bc2 g5 26. Rxd8 Rxd8 27. Rd1 Rxd1 28. Bxd1 Kf7 29. Kg2 Ke7 30. Kf3 Kd6 31. h4 gxh4 32. gxh4 Kc5 33. Kg4 Bf7 34. e3 Kb4 35. Kg3 Kc3 36. Kf2 a4 37. bxa4 Bxc4 38. a3 Kd2 39. Bh5 b6 40. Be8 c5 41. Kf3 Be2+ 42. Ke4 c4 0-1

[Event "Wch U18 rapid"]
[Site "Batumi"]
[Date "2023.06.07"]
[Round "4"]
[White "Tangatov, Nurdaulet"]
[Black "Delport, Ben"]
[Result "1-0"]
[WhiteElo "1823"]
[BlackElo "1237"]
[PlyCount "43"]
[EventDate "2023.06.06"]
[EventType "swiss (rapid)"]
[EventRounds "11"]
[EventCountry "GEO"]
[SourceTitle "CBM 214 Extra"]
[Source "ChessBase"]
[SourceDate "2023.07.31"]
[SourceVersion "1"]
[SourceVersionDate "2023.07.31"]
[SourceQuality "1"]

1. Nf3 Nf6 2. b3 g6 3. Bb2 Bg7 4. g3 d5 5. Bg2 0-0 6. 0-0 c5 7. e3 Nc6 8. d3 Re8 9. Ne5 Qc7 10. f4 Nd7 11. d4 cxd4 12. exd4 Nb6 13. a4 e6 14. Na3 a6 15. Rc1 Nxe5 16. fxe5 Bf8 17. Qf3 Re7 18. Nb1 Bh6 19. Rf2 Bxc1 20. Bxc1 Re8 21. a5 Nd7 22. Qxf7+ 1-0